Catálogo

Documentario Guadalupano : (Registro nro. 61675)

Detalles MARC
000 -LEADER
fixed length control field 01191cam a2200313 i 4500
001 - CONTROL NUMBER
control field 61675
003 - CONTROL NUMBER IDENTIFIER
control field Mx-PuUPA
005 - DATE AND TIME OF LATEST TRANSACTION
control field 20231031133808.0
008 - FIXED-LENGTH DATA ELEMENTS--GENERAL INFORMATION
fixed length control field 141107s1980 mx fr 001 0 spa|d
040 ## - CATALOGING SOURCE
Original cataloging agency Mx-PuUPA
Language of cataloging spa
Transcribing agency Mx-PuUPA
Modifying agency Mx-PuUPA
Description conventions rda
041 0# - LANGUAGE CODE
Language code of text/sound track or separate title spa
110 2# - MAIN ENTRY--CORPORATE NAME
Corporate name or jurisdiction name as entry element Centro de Estudios Guadalupanos UPAEP,
9 (RLIN) 10151
Relator term autor
245 10 - TITLE STATEMENT
Title Documentario Guadalupano :
Remainder of title 1531-1768 /
Statement of responsibility, etc. Centro de Estudios Guadalupanos ; coordinadores, Enrique R. Salazar, Maurilio Montemayor Narro, Luis Medina Ascensio
250 ## - EDITION STATEMENT
Edition statement Primera edición
264 #1 - PRODUCTION, PUBLICATION, DISTRIBUTION, MANUFACTURE, AND COPYRIGHT NOTICE
Place of production, publication, distribution, manufacture México, D.F. :
Name of producer, publisher, distributor, manufacturer Editorial Tradición,
Date of production, publication, distribution, manufacture, or copyright notice 1980
300 ## - PHYSICAL DESCRIPTION
Extent 299 páginas ;
Dimensions 21 cm
336 ## - CONTENT TYPE
Content type term texto
Fuente rdacontent
Content type code txt
337 ## - MEDIA TYPE
Media type term sin medio
Source rdamedia
Media type code n
338 ## - CARRIER TYPE
Carrier type term volumen
Source rdacarrier
Carrier type code nc
490 0# - SERIES STATEMENT
Series statement Monumenta Histórica Guadalupanensia ;
Volume/sequential designation 3
600 04 - SUBJECT ADDED ENTRY--PERSONAL NAME
Personal name Virgen de Guadalupe
General subdivision Historia
Geographic subdivision México
650 #7 - SUBJECT ADDED ENTRY--TOPICAL TERM
Topical term or geographic name entry element Catolicismo
General subdivision Historia
Geographic subdivision México
Source of heading or term armarc
700 1# - ADDED ENTRY--PERSONAL NAME
Personal name Salazar, Enrique R.,
Relator term coordinador
700 1# - ADDED ENTRY--PERSONAL NAME
Personal name Montemayor Narro, Maurilio,
Relator term coordinador
700 1# - ADDED ENTRY--PERSONAL NAME
Personal name Medina Ascensio, Luis,
Relator term coordinador
942 ## - ADDED ENTRY ELEMENTS (KOHA)
Source of classification or shelving scheme Dewey Decimal Classification
Koha item type Libro
Classification part 232.917
Item part D636
Existencias
Withdrawn status Lost status Source of classification or shelving scheme Damaged status Not for loan Collection code Home library Current library Shelving location Date acquired Source of acquisition Total Checkouts Full call number Barcode Date last seen Copy number Price effective from Koha item type
    Dewey Decimal Classification     General Centro de Estudios Guadalupanos Centro de Estudios Guadalupanos Sala general 07/11/2014 Compra   232.917 D636 1980 92842 05/01/2026 Ej.2 07/11/2014 Libro
    Dewey Decimal Classification     General Centro de Estudios Guadalupanos Centro de Estudios Guadalupanos Sala general 03/12/2013 Donación   232.917 D636 1980 46628 05/01/2026 Ej.4 03/12/2013 Libro
    Dewey Decimal Classification     General Centro de Estudios Guadalupanos Centro de Estudios Guadalupanos Sala general 07/11/2014 Compra   232.917 D636 1980 92841 05/01/2026   07/11/2014 Libro
    Dewey Decimal Classification     General Centro de Estudios Guadalupanos Centro de Estudios Guadalupanos Sala general 31/10/2023     232.917 D636 1980 93249 05/01/2026 Ej.3 31/10/2023 Libro